|
|
|
|
| LEADER |
00000naa2a2200000 4500 |
| 001 |
159475 |
| 005 |
20231031155157.0 |
| 035 |
|
|
|a (RuTPU)RU\TPU\book\172980
|
| 090 |
|
|
|a 159475
|
| 100 |
|
|
|a 20090512d2008 k y0rusy50 ca
|
| 101 |
0 |
|
|a rus
|
| 102 |
|
|
|a RU
|
| 200 |
1 |
|
|a Маркетинговое исследование "Оценка степени удовлетворённости покупателей качеством и ассортиментом продукции системы магазинов ЧИБИС"
|f В. Б. Паутова, Е. А. Тюрина
|g науч. рук. Н. В. Варлачёва
|
| 461 |
|
1 |
|0 (RuTPU)RU\TPU\book\166087
|t Энергия молодых - экономике России
|o труды IX Международной научно-практической конференции студентов и молодых ученых, г. Томск, 19-22 мая 2008 г.
|f Томский политехнический университет (ТПУ) ; Вольное экономическое общество России ; Международный союз экономистов (МСЭ)
|d 2008
|
| 463 |
|
0 |
|0 (RuTPU)RU\TPU\book\167192
|t Ч. 2
|v С. 192-194
|d 2008
|
| 610 |
1 |
|
|a покупатели
|
| 610 |
1 |
|
|a качество
|
| 610 |
1 |
|
|a ассортимент
|
| 610 |
1 |
|
|a магазины
|
| 610 |
1 |
|
|a Чибис
|
| 610 |
1 |
|
|a розничная торговля
|
| 610 |
1 |
|
|a розничный оборот
|
| 610 |
1 |
|
|a труды учёных ТПУ
|
| 700 |
|
1 |
|a Паутова
|b В. Б.
|
| 701 |
|
1 |
|a Тюрина
|b Е. А.
|
| 702 |
|
1 |
|a Варлачёва
|b Н. В.
|4 727
|
| 801 |
|
1 |
|a RU
|b 63413507
|c 20090512
|g PSBO
|
| 801 |
|
2 |
|a RU
|b 63413507
|c 20161122
|g RCR
|
| 942 |
|
|
|c BK
|